000 00535nam a2200217Ia 4500
003 OSt
005 20221005122624.0
006 a|||||r|||| 00| 0
007 ta
008 221004b |||||||| |||| 00| 0 tam d
024 _a51968
037 _cTextual
040 _aCRL
_cCRL
_btam
041 _2tam
_atam
082 _aT, 31M2
100 _aVenkatasubramaniyan
_9632290
245 0 _aKalvi chindanaigal
650 _aEDUCATION
942 _hT, 31M2
_cTEXL
_2cc
999 _c1044848
_d1044848